| 000 | 00753cam a2200253 i 4500 | ||
|---|---|---|---|
| 001 | 333377 | ||
| 003 | NUST - PNEC | ||
| 005 | 20170116181057.0 | ||
| 008 | 751205s1975 enka b 001 0 eng | ||
| 010 | _a 75330298 | ||
| 015 | _aGB*** | ||
| 020 |
_a0408001690 : _c£10.50 |
||
| 040 |
_aDLC _cLIBRARY _dDLC |
||
| 050 | 0 | 0 |
_aVM156 _b.M78 |
| 082 | 0 | 0 | _a623.81 MUC |
| 100 | 1 |
_aMuckle, W. _q(William) |
|
| 245 | 1 | 0 |
_aNaval architecture for marine engineers / _cW. Muckle. |
| 260 |
_aLondon : _bNewnes-Butterworths, _c1975. |
||
| 300 |
_a407 p. : _bill. ; _c23 cm. |
||
| 504 | _aIncludes bibliographical references and index. | ||
| 650 |
_aMechanical engineering _912091 _xME |
||
| 906 |
_a7 _bcbc _corignew _d3 _encip _f19 _gy-gencatlg |
||
| 942 |
_2ddc _cBK |
||
| 999 |
_c68577 _d68577 |
||